Provisions concerning the reporting of incidents involving harmful substances under MARPOL 73/78/ (Record no. 558)

000 -LEADER
fixed length control field 00817cam a2200229 a 4500
008 - FIXED-LENGTH DATA ELEMENTS--GENERAL INFORMATION
fixed length control field 990809s1999 enk i000 0 eng
020 ## - INTERNATIONAL STANDARD BOOK NUMBER
International Standard Book Number 9280160982
040 ## - CATALOGING SOURCE
Original cataloging agency IMU-KC
082 00 - DEWEY DECIMAL CLASSIFICATION NUMBER
Classification number 341.7625 I339
110 ## - MAIN ENTRY--CORPORATE NAME
9 (RLIN) 76
Corporate name or jurisdiction name as entry element International Maritime Organization
245 00 - TITLE STATEMENT
Title Provisions concerning the reporting of incidents involving harmful substances under MARPOL 73/78/
250 ## - EDITION STATEMENT
Edition statement 3rd ed.
260 ## - PUBLICATION, DISTRIBUTION, ETC. (IMPRINT)
Place of publication, distribution, etc London
Name of publisher, distributor, etc IMO
Date of publication, distribution, etc 1999
300 ## - PHYSICAL DESCRIPTION
Extent v, 17 p. ;
Dimensions 24 cm.
500 ## - GENERAL NOTE
General note "IMO publication sales number: IMO-516E"--T.p. verso.
650 #0 - SUBJECT ADDED ENTRY--TOPICAL TERM
Topical term or geographic name as entry element Marine pollution
General subdivision Law and legislation.
Topical term or geographic name as entry element Waste disposal in the ocean
General subdivision Law and legislation.
Topical term or geographic name as entry element Hazardous substances
General subdivision Law and legislation.
Topical term or geographic name as entry element Pollutants
General subdivision Reporting.
710 2# - ADDED ENTRY--CORPORATE NAME
Corporate name or jurisdiction name as entry element International Maritime Organization.
942 ## - ADDED ENTRY ELEMENTS (KOHA)
Item type Books
Holdings
Withdrawn status Lost status Source of classification or shelving scheme Damaged status Not for loan Permanent location Current location Date acquired Full call number Barcode Date last seen Koha item type Source of acquisition Cost, normal purchase price Cost, replacement price
          IMU Kolkata IMU Kolkata 2019-10-22 341.7625 I339 12403 2019-10-22 Books      
          IMU Kolkata IMU Kolkata 2019-10-22 341.7625 I339 12404 2019-10-22 Books      
          IMU Kolkata IMU Kolkata 2019-10-22 341.7625 I339 12405 2019-10-22 Books      
          IMU Kolkata IMU Kolkata 2019-10-22 341.7625 I339 12406 2019-10-22 Books      
          IMU Kolkata IMU Kolkata 2019-10-22 341.7625 I339 12407 2019-10-22 Books      
          IMU Kolkata IMU Kolkata 2019-10-22 341.7625 I339 11659 2019-10-22 Books      
          IMU Kolkata IMU Kolkata 2020-09-02     2020-09-02 Books 15 812.60 812.60
Designed and Maintained by IMU-KC Library, Kolkata Campus © Copyright All Rights Reserved

webs counters

Powered by Koha